| 000 | 01125cam a2200337 i 4500 | ||
|---|---|---|---|
| 001 | 200442872 | ||
| 003 | TR-AnTOB | ||
| 005 | 20241119074053.0 | ||
| 007 | ta | ||
| 008 | 091218s1978 tu a g 001 0 tur d | ||
| 035 | _a(OCoLC) | ||
| 040 |
_aSULEY _beng _cSULEY _erda _dTR-AnTOB |
||
| 041 | 1 | _atur | |
| 060 |
_aWS 18.2 _b.H383 2010 |
||
| 096 |
_aWS18.2 _b.H383 2010 |
||
| 100 | 1 |
_aHasanoğlu, Enver _eauthor _9138775 |
|
| 245 | 0 | 0 |
_aTemel pediatri / _cProf. Dr. Enver Hasanoğlu, Prof. Dr. Ruhan Düşünsel, Prof. Dr. Aysun Bideci. |
| 264 | 1 |
_aİstanbul : _bGüneş Tıp Kitapevleri, _c2010. |
|
| 300 |
_a1799 pages : _billustrations ; _c19 cm |
||
| 336 |
_atext _btxt _2rdacontent |
||
| 337 |
_aunmediated _bn _2rdamedia |
||
| 338 |
_avolume _bnc _2rdacarrier |
||
| 500 | _aIncludes index. | ||
| 500 | _a"Elementare Padiatrie" adlı özgün eserin 2. basımından çeviridir.. | ||
| 650 | 2 |
_aPediatrics _9126624 |
|
| 700 | 1 |
_aDüşünsel, Ruhan _eauthor _9138773 |
|
| 700 | 1 |
_aBideci, Aysun _eauthor _9138774 |
|
| 730 | 0 |
_aElementare Padiatrie. _lTürkçe. _9153658 |
|
| 942 |
_2NLM _cBK |
||
| 999 |
_c200442872 _d61084 |
||